000 01178pam a2200361 a 4500
001 2997767
003 ost
005 20140310184309.0
008 930823s1994 nyua j 000 1 eng
010 _a 93034127
020 _a0590621955
020 _a0590621955
040 _aDLC
_cDLC
_dDLC
042 _alcac
050 0 0 _aPZ 7
_b.Oc18 1996
100 1 _aO'Connor, Jane.
_921058
245 1 0 _aSplat! /
_cJane O'Connor ; illustrated by Marilyn Mets.
260 _aNew York :
_bGrosset & Dunlap,
_c1994
300 _a32 p. :
_bcol. ill. ;
_c24 cm.
440 0 _aAll aboard reading
_923256
500 _a"Level 1."
500 _a"Preschool-grade 1."
520 _aA young boy, bothered by his size, thinks that the super squirt gun he buys will transform him from "Squirt" into "Splat Master."
521 _aG1
526 _c140
650 1 _aSize
_xFiction.
_923257
650 1 _aToys
_xFiction.
_923258
700 1 _aMets, Marilyn,
_eill.
_923259
906 _a7
_bcbc
_corignew
_d1
_eocip
_f19
_gy-gencatlg
942 _2lcc
_cBK-SCHOLAS
999 _c33518
_d33518